Kỹ thuật nuôi cá lồng biển
保存先:
| 第一著者: | |
|---|---|
| フォーマット: | 図書 |
| 言語: | Undetermined |
| 出版事項: |
Thành phố Hồ Chí Minh
Nông Nghiệp
2004
|
| 主題: | |
| タグ: |
タグ追加
タグなし, このレコードへの初めてのタグを付けませんか!
|
| Thư viện lưu trữ: | Trung tâm Học liệu Trường Đại học Cần Thơ |
|---|
| LEADER | 00599nam a2200193Ia 4500 | ||
|---|---|---|---|
| 001 | CTU_74740 | ||
| 008 | 210402s9999 xx 000 0 und d | ||
| 020 | |c 15000 | ||
| 082 | |a 639.32 | ||
| 082 | |b L550/T.1 | ||
| 100 | |a Ngô, Trọng Lư | ||
| 245 | 0 | |a Kỹ thuật nuôi cá lồng biển | |
| 245 | 0 | |c Ngô Trọng Lư, Thái Bá Hổ, Nguyễn Kim Độ | |
| 260 | |a Thành phố Hồ Chí Minh | ||
| 260 | |b Nông Nghiệp | ||
| 260 | |c 2004 | ||
| 650 | |a Fish culture,Salt fishes | ||
| 904 | |i Năm | ||
| 980 | |a Trung tâm Học liệu Trường Đại học Cần Thơ | ||